Statistics for Countries with similar Latitude of Countries in the Americas

Click here to take the quiz!

General Stats

  • This quiz has been taken 21 times
  • The average score is 8 of 32

Answer Stats

Non-American Countries with Similar Latitude % Correct
Russia
73%
Romania; Slovenia; Croatia; France; Switzerland; Mongolia; Bosnia and Herzegovina
60%
Saudi Arabia; Bangladesh; Taiwan; United Arab Emirates; Qatar; India
53%
Ethiopia; Togo; Sierra Leone; Marshall Islands; South Sudan; Ghana; Cote d'Ivoire; Sri Lanka; Nigeria; Benin; Palau
53%
Mali; Vietnam; Niger; Cape Verde; Yemen; Laos
53%
Federated States of Micronesia; Palau; Sri Lanka; Cote d'Ivoire; Central African Republic; Liberia; Ghana; South Sudan; Somalia; Cameroon; Sierra Leone; Togo; Ethiopia
47%
Saudi Arabia; Bangladesh; Taiwan; United Arab Emirates; India; Qatar
40%
Guinea; Benin; Nigeria; Marshall Islands; Philippines; Ethiopia; Togo; Sierra Leone
33%
Guinea; Philippines; Benin; Nigeria; Djibouti; Marshall Islands
33%
Mali; Niger; Vietnam; Cape Verde; Laos; Yemen
33%
Indonesia; Republic of the Congo; Rwanda; Gabon; Nauru; Democratic Republic of the Congo
27%
Thailand; Senegal; Eritrea; Chad; Yemen; Sudan; Cape Verde; Gambia
27%
Cambodia; Burkina Faso; Gambia; Guinea-Bissau; Sudan; Djibouti
27%
Laos; Niger; Mali; Vietnam
20%
Gambia; Sudan; Cambodia; Burkina Faso; Guinea-Bissau; Senegal
20%
Sudan; Gambia; Senegal; Cambodia; Thailand; Eritrea; Chad
20%
Yemen; Cape Verde; Chad; Eritrea; Thailand; Vietnam; Senegal
20%
Burma; India; Oman; Mauritania
20%
Mozambique; Vanuatu; Fiji
20%
Gambia; Cambodia; Sudan; Burkina Faso; Guinea-Bissau; Senegal; Djibouti
20%
Sudan; Gambia; Senegal; Cambodia; Thailand; Eritrea
20%
Brunei; Cameroon; Somalia; Maldives
20%
Brunei; Maldives
13%
Mali; Niger; Vietnam; Laos; Cape Verde
13%
Chad; Eritrea; Thailand; Yemen; Cape Verde; Senegal; Vietnam
13%
Guinea-Bissau; Burkina Faso; Djibouti; Cambodia; Philippines; Gambia
13%
Brunei; Maldives
7%
Comoros
7%
East Timor; Solomon Islands; Tuvalu
7%
Laos; Mauritania; Oman
7%
Botswana; Namibia
7%
Laos; Mauritania; Oman
7%

Score Distribution

Percentile by Number Answered

Percent of People with Each Score

Your Score History

You have not taken this quiz